Sports Quiz

Random Sports or Hockey Quiz

Obscure Knowledge - NHL Teams Quiz Stats

 Plays Quiz Updated Jul 2, 2019

Score 0/31 Timer 02:00
165 Plays Today
Percent Guessed Team % Correct
91.7%???
100%
90.6%???
98.8%
89.9%???
98%
88.0%???
97.4%
87.9%???
96.9%
87.5%???
96.3%
86.9%???
95.2%
85.7%???
94.5%
84.7%???
94%
84.6%???
93.5%
84.4%???
92.3%
82.8%???
90.7%
81.5%???
90.2%
80.9%???
88.6%
80.8%???
84.5%
80.7%???
81.9%
Percent Guessed Team % Correct
79.7%???
80.4%
79.6%???
78.1%
79.5%???
74.6%
79.4%???
73.1%
79.2%???
71%
79.0%???
66.5%
78.2%???
61.5%
77.8%???
57.9%
77.1%???
53.9%
76.7%???
50%
76.6%???
46.9%
75.7%???
42.7%
74.2%???
33%
72.5%???
24.3%
71.6%???
14.4%

You're not logged in!

Compare scores with friends on all Sporcle quizzes.
OR
Log In

Sporcle TV

Today on Sporcle TV


Watch our educational content, quiz creation guides, and fun videos on Sporcle TV.

Show Comments

Extras

Top Quizzes Today


Score Distribution

Your Account Isn't Verified!

In order to create a playlist on Sporcle, you need to verify the email address you used during registration. Go to your Sporcle Settings to finish the process.

Report this User

Report this user for behavior that violates our Community Guidelines.

Details: